Volatility takes a summer break (Record no. 83340)
[ view plain ]
| 000 -LEADER | |
|---|---|
| fixed length control field | 00907cab a22001935a 4500 |
| 001 - CONTROL NUMBER | |
| control field | L153623 |
| 008 - FIXED-LENGTH DATA ELEMENTS--GENERAL INFORMATION | |
| fixed length control field | 110810e2011 xxk 000 0 eng d |
| 035 ## - SYSTEM CONTROL NUMBER | |
| System control number | (Sirsi) u153623 |
| 041 0# - LANGUAGE CODE | |
| Language code of text/sound track or separate title | eng |
| 100 1# - MAIN ENTRY--PERSONAL NAME | |
| Personal name | Ljubic, Philip |
| 245 00 - TITLE STATEMENT | |
| Title | Volatility takes a summer break |
| 260 ## - PUBLICATION, DISTRIBUTION, ETC. | |
| Date of publication, distribution, etc. | 2011 |
| 490 #0 - SERIES STATEMENT | |
| Series statement | Property Week |
| Volume/sequential designation | 77(31) 5 August 2011, 36(1) |
| 520 ## - SUMMARY, ETC. | |
| Summary, etc. | Property derivative pricing has hardly changed over the last month because of the lack of volatility in the underlying physical market and the effects of the holiday season. Looks at the issue of liquidity. Tables cover the implied IPD UK All Property Total Return Index (%) 2011-2015 and the discount on the Royal Bank of Scotland derivatives bid price maturity December 2011-December 2013. |
| 590 ## - LOCAL NOTE (RLIN) | |
| Local note | KA |
| 651 #4 - SUBJECT ADDED ENTRY--GEOGRAPHIC NAME | |
| Geographic name | United Kingdom |
| Chronological subdivision | |
| 690 ## - LOCAL SUBJECT ADDED ENTRY--TOPICAL TERM (OCLC, RLIN) | |
| Topical term or geographic name as entry element | PROPERTY-COMMERCIAL PROPERTY-COMMERCIAL PROPERTY FINANCE AND INVESTMENT |
| 942 ## - ADDED ENTRY ELEMENTS (KOHA) | |
| Suppress in OPAC | 0 |
| Withdrawn status | Lost status | Source of classification or shelving scheme | Damaged status | Not for loan | Home library | Current library | Shelving location | Date acquired | Total Checkouts | Full call number | Barcode | Date last seen | Copy number | Price effective from | Koha item type |
|---|---|---|---|---|---|---|---|---|---|---|---|---|---|---|---|
| Dewey Decimal Classification | London | London | Journal article | 10/08/2011 | L153623 | 153623-1001 | 06/08/2019 | 1 | 06/08/2019 | Journal article |